000
00247nam a22001097a 4500
082
_a
355.02 CHU'B
100
_a
CHUIKOV, VASILI I
_9
79412
245
_a
THE BEGINNING OF THE ROAD
260
_a
LONDON
_b
PANTHER
_c
1970
300
_a
384P
942
_c
BK
999
_c
584456
_d
584456